000 00512nam a2200181Ia 4500
005 20250326124052.0
008 250326s9999 xx 000 0 und d
037 _aTextbook
040 _aFMSL
_beng
_cFMSL
041 _aeng
_2eng
084 _aX.1 L6
_qFMSL
100 _aWard M
_9736708
245 0 _aMeasurement of capital
_cWard M
260 _aParis
_bParis, Organisation For Economic Co-Operation And Development
_c1976
300 _a148p
942 _cTB
_hX.1 L6
999 _c1272136
_d1272136